00872cam a22002531 450000100060000000300080000600500170001400800390003103500190007003500180008904000290010704100080013608200150014410000300015924500460018926000380023530000290027350000920030265000170039465100400041194200120045199900170046395201380048018663BD-RjUL20211209000322.0140222s1958 enka 000 1 eng a(BD-RjUL)18721 a(OCoLC)530740 aDLCcOUdOCoLCdDLCbeng aeng a823.9bDUM1 aDurrell, Lawrence.95589210aMountolive :ba novel /cLawrence Durrell aLondon :bFaber and Faber,c1958. a320 p. :bill. ;c21 cm. aThe 3d vol. of the author's quartet, the 1st of which is Justine and the 2d, Balthazar. aNovel957471 0aAlexandria (Egypt)xFiction.957162 2ddccBK c18663d18663 00102ddc40718FICaRUCLbRUCLcReadingd1963-02-14eZeitlingerg18.00l0o823.9 DUM 1958r2014-02-22 00:00:00tC-1w2014-02-22yBK